000 00435nam a2200145Ia 4500
008 220325s9999||||xx |||||||||||||| ||und||
020 _a978-979-098-882-7
084 _a1128-0093 NDR Gov Bo
100 _aTaliziduhu Ndraha
245 0 _aKybernology (Ilmu Pemerintahan Baru) 1
260 _aJakarta
_bRineka Cipta
_c2011
300 _ai-xxxviii + 385 hlm
650 _aGovernment (Pemerintahan)
_eG-O-V
_yIlmu Pemerintahan
942 _cBK
999 _c18777
_d18777